00393nam a2200145Ia 450000500170000000800460001703700120006304000200007504100130009508400180010810000190012624500420014526000440018730000160023120260415160353.0008 250505s9999 xx 000 0 eng d aTextual aFEDLbengcFEDL aeng2eng a192 BURqFEDL aBurtt Edwin A. 0aEnglish philosophy from Bacon to Mill aNew York, USAbThe Modern Libraryc1939 axxiv,1041p.